00255nam a2200097Ia 4500008004100000041000800041100001600049245003600065260003700101999001900138241105s9999 xx 000 0 und d aeng aBapat Tejal aEnergy Efficient IT Office Pune bFinal Year B.Arch ID, Punec2013 c360736d360736